ఆరోగ్య మరియు వ్యాయామ విద్య / (Record no. 27200)

MARC details
000 -LEADER
fixed length control field 01247nam a22002897a 4500
005 - DATE AND TIME OF LATEST TRANSACTION
control field 20090603162115.0
008 - FIXED-LENGTH DATA ELEMENTS--GENERAL INFORMATION
fixed length control field 090212t xxu||||| |||| 00| 0 eng d
010 ## - LCCN (DPL NO)
LC control number TEL-5140
020 ## - INTERNATIONAL STANDARD BOOK NUMBER
Terms of availability 95.00
035 ## - SYSTEM CONTROL NUMBER
System control number TL-4146
037 ## - SOURCE OF ACQUISITION
Source of stock number/acquisition DBAD / PUB
040 ## - CATALOGING SOURCE
Original cataloging agency dpl
Language of cataloging Telugu
082 ## - DEWEY DECIMAL CLASSIFICATION NUMBER
Classification number 613.707
100 ## - MAIN ENTRY--PERSONAL NAME
Personal name విజయ రావు, కె.
245 ## - TITLE STATEMENT
Title ఆరోగ్య మరియు వ్యాయామ విద్య /
Statement of responsibility, etc కె. విజయ రావు
246 ## - VARYING FORM OF TITLE
Title proper/short title Health and physical education
Remainder of title K.Vijaya Rao
260 ## - PUBLICATION, DISTRIBUTION, ETC. (IMPRINT)
Place of publication, distribution, etc హైదరాబాద్
Name of publisher, distributor, etc నీల్ కమల్ పబ్లికేషన్స్
Date of publication, distribution, etc 2009
270 ## - ADDRESS
Address సుల్తన్ బజార్
City హైదరాబాద్
Postal code 500 095
300 ## - PHYSICAL DESCRIPTION
Extent 120 పే.
Dimensions 23 సె.మీ.
520 ## - SUMMARY, ETC.
Summary, etc On landmarks in 20th century Telugu literature
650 ## - SUBJECT ADDED ENTRY--TOPICAL TERM
Chronological subdivision
Topical term or geographic name as entry element వ్యాయామ విద్య
650 ## - SUBJECT ADDED ENTRY--TOPICAL TERM
Chronological subdivision
Topical term or geographic name as entry element Physical education
650 ## - SUBJECT ADDED ENTRY--TOPICAL TERM
Chronological subdivision
Topical term or geographic name as entry element ఆరోగ్య విద్య
650 ## - SUBJECT ADDED ENTRY--TOPICAL TERM
Chronological subdivision
Topical term or geographic name as entry element Health education
942 ## - ADDED ENTRY ELEMENTS (KOHA)
Source of classification or shelving scheme Dewey Decimal Classification
Item type Telugu
Classification part 613.707
Call number suffix VIJ
Holdings
Withdrawn status Lost status Source of classification or shelving scheme Damaged status Not for loan Collection code Home library Current library Date acquired Cost, normal purchase price Total Checkouts Full call number Barcode Date last seen Cost, replacement price Koha item type
    Dewey Decimal Classification     Non-fiction D.B.Act.Division D.B.Act.Division 03/06/2009 95.00   613.707 VIJ TL_4146 03/06/2009 95.00 Telugu

© Delhi Public Library
Hit Counter
free hit counter